000 00199 a2200097 4500
001 3017
100 _aSeidi, J
245 _aEnglish Idioms
260 _a
_bOxford Univ Press
_c
090 _c2302
_d2302
942 _aNUST-CAE
_cM
_c14470
999 _c238090
_d238090